| 000 | 00474nam a22001697a 4500 | ||
|---|---|---|---|
| 005 | 20251108164941.0 | ||
| 008 | 250721s1965 xx 000 0 ara d | ||
| 082 | 1 | 4 | _a658/عاد |
| 100 | 1 | _aحسن، عادل | |
| 245 | 1 | 0 | _aإدارة الأفراد / |
| 264 | 1 |
_aالإسكندرية : _bدار الجامعات المصرية، _c1965. |
|
| 300 | _a459ص | ||
| 650 | 1 | 7 | _aالإدارة |
| 650 | 1 | 7 | _aتقنيات الإدارة |
| 942 |
_2ddc _cBK |
||
| 999 |
_c18211 _d18211 |
||